Zákonník práce s komentárom
Komentár k jednotlivým ustanoveniam zákona č. 311/2001 Z.z. Zákonníka práce. Príloha: Charakteristiky stupňov náročnosti pracovných miest.
Salvato in:
| Autore principale: | |
|---|---|
| Natura: | Capitolo di libro |
| Lingua: | slovacco |
| Soggetti: | |
| Tags: |
Nessun Tag, puoi essere il primo ad aggiungerne!!
|
MARC
| LEADER | 00000naa a2200000 4500 | ||
|---|---|---|---|
| 001 | r043683 | ||
| 005 | 20230919092941.3 | ||
| 041 | 0 | |a slo | |
| 044 | |a SK | ||
| 245 | 1 | 0 | |a Zákonník práce s komentárom |c Mária Buchtová |
| 520 | |a Komentár k jednotlivým ustanoveniam zákona č. 311/2001 Z.z. Zákonníka práce. Príloha: Charakteristiky stupňov náročnosti pracovných miest. | ||
| 610 | 2 | 0 | |a zákonník práce |
| 610 | 2 | 0 | |a vzťahy pracovnoprávne |
| 610 | 2 | 0 | |a pomer pracovný |
| 610 | 2 | 0 | |a zákony |
| 610 | 2 | 0 | |a Slovensko |
| 610 | 2 | 0 | |a normy právne |
| 610 | 2 | 0 | |a komentáre |
| 610 | 2 | 0 | |a 2001 |
| 100 | 1 | |a Buchtová, Mária | |